00775nam a22002057a 450000500170000000800410001702000180005804000070007604100080008308200220009110000250011324500480013825000120018626000400019830000270023836500670026552001850033265000360051770000160055320250310152427.0250310b ||||| |||| 00| 0 eng d a9789388696760 cAL aeng 223a574.192bLIEB aMichael, A Lieberman aBiochemistry molecular biology and genetics a7th ed. aPhiladelphia bWolters Kluwerc2020 axi,444p.bPBc24x16cm. 2GeneralaVBI-2366b₹1086.75c₹d₹1449.00e25%f28/2/2025 aUpdated content keeps you current with new developments in molecular biology, genetics, Amino Acids and more. Approachable outline format helps you make the most of your study time 2Molecular BiologyaBiochemistry aRicer, Rick